000
00298nam a2200121Ia 4500
005
20251222141817.0
008
251222s9999||||xx |||||||||||||| ||spa||
082
_a
783.009.85/M22
100
_a
Manosalva Oviedo, Luís
245
0
_a
Antología de la Canción Criolla
264
_b
Parma
942
_c
LIB
999
_c
6662
_d
6662